Показатели деятельности онкологической службы по Санкт-Петербургу и районам города в 2002 году (Запись № 427162)

Подробности
000 -МАРКЕР
контрольное поле 01813nam0a2200313 4500
001 - ИДЕНТИФИКАТОР ЗАПИСИ
контрольное поле RU\NLR\bibl\381877
005 - ИДЕНТИФИКАТОР ВЕРСИИ
контрольное поле 20260406120955.0
035 ## - ДРУГИЕ СИСТЕМНЫЕ НОМЕРА
Идентификатор записи (NLR Aleph) 000376280
100 ## - ДАННЫЕ ОБЩЕЙ ОБРАБОТКИ
Данные общей обработки 20030327d2003 |||y0rusy50 ca
101 0# - ЯЗЫК РЕСУРСА
Язык текста, звукозаписи и т.д. русский
102 ## - СТРАНА ПУБЛИКАЦИИ ИЛИ ПРОИЗВОДСТВА
Страна публикации российская федерация
105 ## - ПОЛЕ КОДИРОВАННЫХ ДАННЫХ: ТЕКСТОВЫЕ МАТЕРИАЛЫ, МОНОГРАФИЧЕСКИЕ
Кодированные данные о монографическом текстовом документе y |||||||||
200 1# - ЗАГЛАВИЕ И СВЕДЕНИЯ ОБ ОТВЕТСТВЕННОСТИ
Основное заглавие Показатели деятельности онкологической службы по Санкт-Петербургу и районам города в 2002 году
Сведения, относящиеся к заглавию (Крат. обзор оператив. отчетности)
Первые сведения об ответственности М-во здравоохранения Рос. Федерации и др.
Последующие сведения об ответственности Под ред. проф. В.М. Мерабишвили
210 ## - ПУБЛИКАЦИЯ, РАСПРОСТРАНЕНИЕ И ДР.
Место издания, распространения и т.д. СПб.
Имя издателя, распространителя и т. д. Б.и.
Дата издания, распространения и т.д. 2003
215 ## - ФИЗИЧЕСКАЯ ХАРАКТЕРИСТИКА
Специфическое обозначение материала и объем 52 с.
Размеры 21
300 ## - ОБЩИЕ ПРИМЕЧАНИЯ
Текст примечания В надзаг. также: Ком. по здравоохранению Администрации Санкт-Петербурга, Мед. информ.-аналит. центр, Популяц. раковый регистр, НИИ онкологии им. проф. Н.Н. Петрова
300 ## - ОБЩИЕ ПРИМЕЧАНИЯ
Текст примечания На обл.: Посвящ. 10-летию Популяц. ракового регистра Санкт-Петербурга
320 ## - ПРИМЕЧАНИЯ О НАЛИЧИИ В ДОКУМЕНТЕ БИБЛИОГРАФИИ / УКАЗАТЕЛЯ
Текст примечания Библиогр.: с. 50-51
606 1# - НАИМЕНОВАНИЕ ТЕМЫ КАК ПРЕДМЕТ
Наименование темы Онкологическая помощь
Географический подзаголовок Санкт-Петербург, город
Системный номер авторитетной/нормативной записи 2366336
Идентификатор авторитетной/нормативной записи RU\NLR\AUTH\661412706
686 ## - ИНДЕКСЫ ДРУГИХ КЛАССИФИКАЦИЙ
Индекс Р11(2)285.6я28
702 #1 - ИМЯ ЛИЦА - ВТОРИЧНАЯ ОТВЕТСТВЕННОСТЬ
Код отношения Редактор
Материалы, к которым относится поле rus
Графика поля Кириллица
Начальный элемент ввода Мерабишвили
Часть имени, кроме начального элемента ввода В. М.
Даты 1941-
Расширение инициалов личного имени Вахтанг Михайлович
Идентификатор авторитетной/нормативной записи RU\NLR\AUTH\7741232
Системный номер авторитетной/нормативной записи 24182
712 02 - НАИМЕНОВАНИЕ ОРГАНИЗАЦИИ - ВТОРИЧНАЯ ОТВЕТСТВЕННОСТЬ
Начальный элемент ввода Популяционный раковый регистр
Идентифицирующий признак Санкт-Петербург
Идентификатор авторитетной/нормативной записи RU\NLR\AUTH\8813499
Системный номер авторитетной/нормативной записи 300001
801 #0 - ИСТОЧНИК ЗАПИСИ
Страна российская федерация
Организация NLR
Дата составления 20030327
Правила каталогизации PSBO
801 #1 - ИСТОЧНИК ЗАПИСИ
Страна российская федерация
Организация NLR
Дата составления 20030327
942 ## - ДОПОЛНИТЕЛЬНЫЕ ЭЛЕМЕНТЫ ЗАПИСИ (АБИС)
Тип экземпляра АБИС Книга
980 ## - КОЛЛЕКЦИЯ
Название коллекции Национальная библиография
Экземпляры
Тип экземпляра Дата поступления Источник поступления Библиотека постоянного хранения Библиотека текущего хранения Место хранения Шифр хранения Штрих-код Статус не для выдачи
Книга 27.03.2003 Дар РНБ (Московский) РНБ (Московский) Русский книжный фонд: издания с 1957 года, 3этаж 2003-4/5153 450102  
Книга 29.02.2008 Дар РНБ (Московский) РНБ (Московский) Русский книжный фонд: издания с 1957 года, 3этаж 2003-4/5153 2618052